Genghis : (Record no. 267071)
[ view plain ]
| 000 -LEADER | |
|---|---|
| fixed length control field | 01813nam a2200445Ma 4500 |
| 001 - CONTROL NUMBER | |
| control field | ocn166384260 |
| 003 - CONTROL NUMBER IDENTIFIER | |
| control field | OCoLC |
| 005 - DATE AND TIME OF LATEST TRANSACTION | |
| control field | 20200320182437.0 |
| 008 - FIXED-LENGTH DATA ELEMENTS--GENERAL INFORMATION | |
| fixed length control field | 080312r20082007nyub 000 1 eng d |
| 010 ## - LIBRARY OF CONGRESS CONTROL NUMBER | |
| Canceled/invalid LC control number | 2006102932 |
| 020 ## - INTERNATIONAL STANDARD BOOK NUMBER | |
| International Standard Book Number | 9780440243908 (pbk.) |
| 020 ## - INTERNATIONAL STANDARD BOOK NUMBER | |
| International Standard Book Number | 0440243904 (pbk.) |
| 020 ## - INTERNATIONAL STANDARD BOOK NUMBER | |
| Terms of availability | 6.99 |
| 035 ## - SYSTEM CONTROL NUMBER | |
| System control number | (OCoLC)166384260 |
| 040 ## - CATALOGING SOURCE | |
| Original cataloging agency | BTCTA |
| Transcribing agency | BTCTA |
| Modifying agency | BAKER |
| -- | IH7 |
| -- | NPUBL |
| -- | WACOL |
| 043 ## - GEOGRAPHIC AREA CODE | |
| Geographic area code | a------ |
| -- | a-mp--- |
| 049 ## - LOCAL HOLDINGS (OCLC) | |
| Holding library | WACL |
| 050 14 - LIBRARY OF CONGRESS CALL NUMBER | |
| Classification number | PR6109.G47 |
| Item number | G46 2008 |
| 082 04 - DEWEY DECIMAL CLASSIFICATION NUMBER | |
| Classification number | 823/.92 |
| Edition number | 22 |
| 092 ## - LOCALLY ASSIGNED DEWEY CALL NUMBER (OCLC) | |
| Classification number | PBKF |
| Item number | Igg |
| 100 1# - MAIN ENTRY--PERSONAL NAME | |
| Personal name | Iggulden, Conn. |
| 9 (RLIN) | 50342 |
| 245 10 - TITLE STATEMENT | |
| Title | Genghis : |
| Remainder of title | birth of an empire / |
| Statement of responsibility, etc | Conn Iggulden. |
| 246 30 - VARYING FORM OF TITLE | |
| Title proper/short title | Birth of an empire |
| 250 ## - EDITION STATEMENT | |
| Edition statement | Dell mass market ed. |
| 260 ## - PUBLICATION, DISTRIBUTION, ETC. (IMPRINT) | |
| Place of publication, distribution, etc | New York : |
| Name of publisher, distributor, etc | Bantam Dell, |
| Date of publication, distribution, etc | 2008, c2007. |
| 300 ## - PHYSICAL DESCRIPTION | |
| Extent | 528 p. : |
| Other physical details | maps ; |
| Dimensions | 18 cm. |
| 490 0# - SERIES STATEMENT | |
| Series statement | Genghis Khan novel |
| 500 ## - GENERAL NOTE | |
| General note | Originally published: New York : Delacorte Press, 2007. |
| 520 ## - SUMMARY, ETC. | |
| Summary, etc | Chronicles the rise to power of Genghis Khan, a Mongol ruler "who transformed the world map from China to Europe and became one of the most ruthless conquerors in history, born as "Temujin, raised in a clan of hunters migrating across the rugged steppe." This first in a series of Genghis Khan novels ends with the murder of his father. |
| 600 00 - SUBJECT ADDED ENTRY--PERSONAL NAME | |
| Personal name | Genghis Khan, |
| Dates associated with a name | 1162-1227 |
| Form subdivision | Fiction. |
| 9 (RLIN) | 5843389 |
| 655 #7 - INDEX TERM--GENRE/FORM | |
| Genre/form data or focus term | Biographical fiction. |
| Source of term | gsafd |
| 9 (RLIN) | 5843390 |
| 655 #7 - INDEX TERM--GENRE/FORM | |
| Genre/form data or focus term | Historical fiction. |
| Source of term | gsafd |
| 9 (RLIN) | 5843391 |
| 655 #7 - INDEX TERM--GENRE/FORM | |
| Genre/form data or focus term | Epic fiction. |
| Source of term | gsafd |
| 9 (RLIN) | 102681 |
| 938 ## - | |
| -- | Baker and Taylor |
| -- | BTCP |
| -- | BK0007394262 |
| 938 ## - | |
| -- | Baker & Taylor |
| -- | BKTY |
| -- | 6.99 |
| -- | 5.59 |
| -- | 0440243904 |
| -- | 0007394262 |
| -- | active |
| 942 ## - ADDED ENTRY ELEMENTS (KOHA) | |
| Koha item type | BOOK |
| 948 ## - LOCAL PROCESSING INFORMATION (OCLC); SERIES PART DESIGNATOR (RLIN) | |
| Series part designator, SPT (RLIN) | 05/09/2008 |
| z (OCLC) | Sirsi |
| 994 ## - | |
| -- | 02 |
| -- | WACOL |
| 996 ## - | |
| -- | 62676 |
| -- | 34301000724528 |
| -- | pbkf |
| -- | PBK |
| -- | wcl |
| -- | i |
| -- | 5 |
| -- | 6.99 |
| -- | Amazon.com |
| -- | Igg |
| -- | 05/09/2008 |
| -- | 08/21/2018 |
| -- | 08/14/2018 |
| Withdrawn status | Lost status | Source of classification or shelving scheme | Damaged status | Not for loan | Collection code | Home library | Current library | Shelving location | Date acquired | Source of acquisition | Cost, normal purchase price | Total Checkouts | Total Renewals | Full call number | Barcode | Date last seen | Date checked out | Cost, replacement price | Price effective from | Koha item type |
|---|---|---|---|---|---|---|---|---|---|---|---|---|---|---|---|---|---|---|---|---|
| Dewey Decimal Classification | Fiction | Wasatch County Library | Wasatch County Library | First Floor | 05/09/2008 | Amazon | 6.99 | 11 | 4 | F Iggulden | 34301000724528 | 05/22/2025 | 05/01/2025 | 6.99 | 03/20/2020 | BOOK |
